Business 2025: Driving Growth Through Strategic Innovation Entrepreneurship and Digitisation (Record no. 43597)
[ view plain ]
| 000 -LEADER | |
|---|---|
| fixed length control field | 00592nam a22001817a 4500 |
| 005 - DATE AND TIME OF LATEST TRANSACTION | |
| control field | 20250407113455.0 |
| 008 - FIXED-LENGTH DATA ELEMENTS--GENERAL INFORMATION | |
| fixed length control field | 250407b |||||||| |||| 00| 0 eng d |
| 020 ## - INTERNATIONAL STANDARD BOOK NUMBER | |
| International Standard Book Number | 9789387471672 |
| 041 ## - LANGUAGE CODE | |
| Language code of text/sound track or separate title | eng |
| 082 ## - DEWEY DECIMAL CLASSIFICATION NUMBER | |
| Classification number | 658.4063 SET |
| 100 ## - MAIN ENTRY--PERSONAL NAME | |
| Author | Set, Satish |
| 245 ## - TITLE STATEMENT | |
| Title | Business 2025: Driving Growth Through Strategic Innovation Entrepreneurship and Digitisation |
| 260 ## - PUBLICATION, DISTRIBUTION, ETC. | |
| Place | New Delhi |
| Publisher | Bloomsbury |
| Publication Year | 2018 |
| 300 ## - PHYSICAL DESCRIPTION | |
| Extent | 181;. pages: 24 cm |
| 650 ## - SUBJECT ADDED ENTRY--TOPICAL TERM | |
| Subject | Social Responsibility of Business; Social Entrepreneurship; Strategic Planning |
| 700 ## - ADDED ENTRY--PERSONAL NAME | |
| Co-Author | Batra, J K and Singh, Preeti |
| 942 ## - ADDED ENTRY ELEMENTS (KOHA) | |
| Koha item type | Books |
| Withdrawn status | Lost status | Source of classification or shelving scheme | Damaged status | Not for loan | Home library | Current library | Shelving location | Accession Date | Vendor | Price | Bill number | Total Checkouts | Full call number | Barcode No | Date last seen | Discount | Bill Date | Koha item type | Suggested By |
|---|---|---|---|---|---|---|---|---|---|---|---|---|---|---|---|---|---|---|---|
| Dewey Decimal Classification | IMTN | IMTN | Rack 31-B | 03/27/2025 | Raghav Books Private Limited | 599.00 | 2374 | 658.4063 SET | 33848 | 04/07/2025 | 30 | 02/14/2025 | Books | Dr. Mantha Raghu (Head Librarian) |